| 000 | 01912nam a2200277 i 4500 | ||
|---|---|---|---|
| 001 | 92809 | ||
| 003 | ES-MaACL | ||
| 005 | 20250806085408.0 | ||
| 007 | t| | ||
| 008 | 050328m19711979sp a |||| | spa d | ||
| 020 | _a84-311-0179-2 | ||
| 080 | _a617(075.8) | ||
| 245 | 0 | 0 |
_aTratado de técnica quirúrgica / _cpublicado bajo la dirección de Jean Patel y Lucien Leger ; secretario, Jean-Claude Patel. |
| 250 | _a1ª ed. | ||
| 260 |
_aBarcelona : _bToray-Masson, _c1971-1979. |
||
| 300 |
_a15 v. : _bil. ; _c26 cm. |
||
| 500 | _aÍndices. | ||
| 504 | _aReferencias bibliográficas. | ||
| 505 | 8 |
_aContiene: t. I ; _tCabeza y cuello / _rH. Redon - t. II. -- _tRaquis. Bóveda craneana. Traumatismos craneanos / _rAndré Sicard, Louis Mansuy - t. III. -- _tAparato respiratorio. Mediastino. Pared torácica / _rH. Le Brigand - t. IV-1 y 2. -- _tCorazón. Grandes vasos. Pericardio / _rPh. Blondeau, E. Henry - t. V. -- _tArterias. Venas. Linfáticos / _rJ.M. Cormier... [et al] - t. VIII. -- _tMiembros y cinturones / _rR. Merle d'Aubigné y F. Mazas - t. IX. -- _tPared abdominal. Suturas digestivas. Laparotomías / _rPhilippe Détrie - t. X. -- _tEsófago. Estómago. Duodeno. Diafragma / _rR. Devin... [et al] - t. XI. -- _tIntestino delgado. Colon. Recto. Ano / _rJean Lamy, R. Louis - t. XII-1. -- _tHígado y vías biliares intrahepáticas / _rRené Bourgeon y Marcel Guntz - t. XII-2. -- _tVias biliares extrahepáticas. Páncreas / _rJean Patel... [et al] - t. XIII. -- _tSistema portal. Bazo / _rLucien Leger y Jean Patel - t. XIV. -- _tGinecología / _rHenry G. Robert - t. XV. -- _tUrología / _rR. Couvelaire, J. Cukier |
|
| 597 | _a13 t. en 15 v.; faltan t. VI-VII. | ||
| 650 | 0 | 7 |
_aCirugía _2embne _911050 |
| 700 | 1 |
_aPatel, Jean. _9161481 |
|
| 700 | 1 |
_aLeger, Lucien. _971276 |
|
| 852 |
_aES-MaACL _jL-31160-74 _z- enc. hol. _q(Faltan: t. VI-VII) |
||
| 999 |
_c92809 _d92809 |
||